000 01222nam0a22003011 4500
001 RU\NLR\A1SV\137732
005 20251203171251.9
035 _a(NLR Aleph) 010711274
090 _a9772821
_c9772821
100 _a20150324d1925 u y0rusy50 ca
101 0 _arus
102 _aRU
200 1 _aЧто нужно знать жилкооператору?
_eСб. практич. и юрид. указаний для организаторов и работников жил. т-в
_fСост. при участии юрисконсульта жилсоюза Г.С.Чагина, пред. Бюро об-ния работников учета Всасотра Н.А.Крапковского под общ. ред. Г.З.Лобова
210 _aРостов н-Д.
_cРостов. н. Д. жилсоюз
_d1925
215 _a[4], 176 с.
_cтабл.
_d17 см
620 _dРостов-на-Дону
702 1 _aЧагин
_bГ. С.
702 1 _aКрапковский
_bН. А.
702 1 _aЛобов
_bГ. З.
801 0 _aRU
_bNLR
_c20150324
852 _aNLR
_j18/398
852 _aNLR
_j18/398а
899 _aРГБ
899 _aКирОУНБ
942 _cBOOK
980 _aNB
980 _aA1SV